000 01157nam a2200301Ia 4500
001 ebr10039002
003 CaPaEBR
006 m u
007 cr cn|||||||||
008 011121s2002 nyu sb 001 0 eng d
010 _z 2001058502
020 _z0333948300 (cloth)
040 _aCaPaEBR
_cCaPaEBR
035 _a(OCoLC)559730658
050 1 4 _aJN30
_b.S79 2002eb
082 0 4 _a341.242/2
_221
100 1 _aStubb, Alexander C-G.
245 1 0 _aNegotiating flexibility in the European Union
_h[electronic resource] :
_bAmsterdam, Nice, and beyond /
_cAlexander Stubb.
260 _aNew York :
_bPalgrave,
_c2002.
300 _axiv, 218 p.
504 _aIncludes bibliographical references and index.
533 _aElectronic reproduction.
_bPalo Alto, Calif. :
_cebrary,
_d2009.
_nAvailable via World Wide Web.
_nAccess may be limited to ebrary affiliated libraries.
610 2 0 _aEuropean Union.
650 0 _aPublic administration.
655 7 _aElectronic books.
_2local
710 2 _aebrary, Inc.
856 4 0 _uhttp://site.ebrary.com/lib/rucke/Doc?id=10039002
_zAn electronic book accessible through the World Wide Web; click to view
999 _c58137
_d58137